<?xml version="1.0" encoding="UTF-8"?>
<record
    xmlns:xsi="http://www.w3.org/2001/XMLSchema-instance"
    xsi:schemaLocation="http://www.loc.gov/MARC21/slim http://www.loc.gov/standards/marcxml/schema/MARC21slim.xsd"
    xmlns="http://www.loc.gov/MARC21/slim">

  <leader>00748nam a22001697a 4500</leader>
  <datafield tag="999" ind1=" " ind2=" ">
    <subfield code="c">4873</subfield>
    <subfield code="d">4873</subfield>
  </datafield>
  <controlfield tag="005">20260622183604.0</controlfield>
  <controlfield tag="008">260622b           ||||| |||| 00| 0 eng d</controlfield>
  <datafield tag="040" ind1=" " ind2=" ">
    <subfield code="c">ENA</subfield>
  </datafield>
  <datafield tag="100" ind1=" " ind2=" ">
    <subfield code="9">6355</subfield>
    <subfield code="a">Palma Villal&#xF3;n, Mar&#xED;a del Valle </subfield>
  </datafield>
  <datafield tag="245" ind1=" " ind2=" ">
    <subfield code="a">Los retos de la gesti&#xF3;n de los datos, informaci&#xF3;n y documentos (records management) en la transformaci&#xF3;n digital /</subfield>
    <subfield code="c">Mar&#xED;a del Valle Palma Villal&#xF3;n</subfield>
    <subfield code="h">[Recurso electr&#xF3;nico]</subfield>
  </datafield>
  <datafield tag="260" ind1=" " ind2=" ">
    <subfield code="a">Madrid:</subfield>
    <subfield code="b">Revista Transformaci&#xF3;n Digital,</subfield>
    <subfield code="c">[2017]</subfield>
  </datafield>
  <datafield tag="300" ind1=" " ind2=" ">
    <subfield code="a">41 p.</subfield>
  </datafield>
  <datafield tag="650" ind1=" " ind2="0">
    <subfield code="9">6071</subfield>
    <subfield code="a">Transformaci&#xF3;n digital</subfield>
  </datafield>
  <datafield tag="650" ind1=" " ind2="0">
    <subfield code="9">213</subfield>
    <subfield code="a">Gesti&#xF3;n de documentos</subfield>
  </datafield>
  <datafield tag="856" ind1=" " ind2=" ">
    <subfield code="u">https://www.revistatransformaciondigital.com/wp-content/uploads/2016/11/rm_transformaciondigital_mvpalma_docuformacion.pdf</subfield>
  </datafield>
  <datafield tag="942" ind1=" " ind2=" ">
    <subfield code="c">RELEC</subfield>
    <subfield code="2">ddc</subfield>
  </datafield>
</record>
